| 000 | 00997nam2a22002291 4500 | ||
|---|---|---|---|
| 001 | v19\rc\1207546 | ||
| 005 | 20250617211005.0 | ||
| 035 | _a(NLR Aleph) 004357504 | ||
| 090 |
_a3331714 _c3331714 |
||
| 100 | _a20060306d1899 |||y0rusy50 ca | ||
| 101 | 0 | _arus | |
| 102 | _aRU | ||
| 105 | _ay z ||||| | ||
| 200 | 0 | _aна 1900 год | |
| 210 |
_d1899 _aБ. м. |
||
| 215 | _a[2], 53 с. | ||
| 461 | 0 |
_1001v19\rc\1207508 _12001#$aСмета доходов, расходов и специальных средств Общей канцелярии министра финансов...$vна 1900 год$90 _93331219 _aРоссия. Министерство финансов _cПетроград _d[1862] _tСмета доходов, расходов и специальных средств Общей канцелярии министра финансов... _vна 1900 год$90 |
|
| 801 | 0 |
_aRU _bNLR _gpsbo |
|
| 801 | 1 |
_aRU _bProSoft-M _2rusmarc |
|
| 852 |
_aNLR _j19.135.4.6 |
||
| 942 | _cBOOK | ||
| 980 | _aNB | ||